00250nam a2200109Ia 4500100002700000366000700027245003600034260002500070082001400095300000800109546002300117 aPuder/Arno/ Romer/Kay  f25 aDistributed system architecture bMorgan Kaufmanc2006 a5.43bPUD a322 aENGLISHcComputers